000 00306nam a22001337a 4500
008 181029b xxu||||| |||| 00| 0 eng d
020 _a307152
041 _aeng
080 _a101
100 _a24
101 _aFIL
245 _aPhilosophical Themes in Modern Education
_cBrumbagh, R.S
942 _2udc
_cBK
999 _c50989
_d50989